| 000 | 01060nam a22002417a 4500 | ||
|---|---|---|---|
| 005 | 20130325151846.0 | ||
| 008 | 090728t xxu||||| |||| 00| 0 pun d | ||
| 010 | _aPUN-7501 B-493409-413 | ||
| 020 |
_c150.00 _a9788182992641 |
||
| 035 | _aPN-6619 B-463409-413 | ||
| 037 | _bDBAD / PUB/Arsee Publishers | ||
| 037 | _bBPPD/Star Publications | ||
| 040 |
_adpl _bPN |
||
| 082 | _a851 | ||
| 100 |
_937323 _aਮਹਾਪਾਤਰ, ਮਨੋਰਮਾ ਵਿਸ਼ਵਾਲ |
||
| 245 |
_aਦੇਵਕੀ ਵੀ ਯਸ਼ੋਦਾ ਵੀ / _cਮਨੋਰਮਾ ਵਿਸ਼ਵਾਲ ਮਹਾਪਾਤਰ |
||
| 246 |
_aDevki vee yashoda vee _bby Manorama Biswal Mahapatra |
||
| 260 |
_aDelhi _bArsee Publishers _c2012 |
||
| 270 |
_bChandni Chonk _aDelhi _k23280657 _e110006 |
||
| 300 |
_a72ਪਂ; _b22ਸੇਂਮੀ(ਸਜਿਲਦ) |
||
| 942 |
_2ddc _cPN _h851 _mਮਹਾਪਾ |
||
| 999 |
_c71839 _d71839 |
||